Deutsche Bands A-Z 3 - Statistiken

Allgemein
  • Dieses Quiz wurde 417 mal gespielt
  • Das Durchschnittsergebnis liegt bei 6 aus 26
Antwortstatistiken
Buchstabe Songs Antwort % Korrekt
S Ein Kompliment, Applaus, Applaus, Das Geschenk Sportfreunde Stiller
85%
R Ich lass für dich das Licht an, Halt dich an mir fest, Das kann uns keiner nehmen Revolverheld
72%
K Über sieben Brücken musst du gehen, Der blaue Planet, Jede Stunde Karat
47%
P Allein Allein, The Colour Of Snow, Unendliche Sinfonie Polarkreis 18
45%
M Du schreibst Geschichte, Lass die Musik an, Sirenen Madsen
36%
J Still, Rennen + Stolpern, Zuckerwasser Jupiter Jones
29%
B Tanzt du noch einmal mit mir?, Ist da jemand?, Meine Sache Broilers
28%
F Time To Wonder, Won't Forget These Days, Radio Orchid Fury In The Slaughterhouse
24%
G Wünsch dir was, Lieb's oder lass es, Yes Sir Genetikk
24%
A Pizza, Verliebt, Enkeltrick Antilopen Gang
23%
L Mädchen, Hey Süßer, Warum Lucilectric
21%
V Thekenmädchen, Hoch die Krüge, Haut mir kein' Stein Versengold
17%
I Sternhagelvoll, Frei zu sein, Feuertaufe In Extremo
16%
N Sweetest Poison, Dying Words, Moonlight Pogo Nu Pagadi
14%
Z Antifascista, Herz für die Sache, Ich habe Besseres zu tun ZSK
14%
D Der Mussolini, Der Räuber und der Prinz, Als wär's das letzte Mal Deutsch Amerikanische Freundschaft
11%
H I Want Out, Eagle Fly Free, Dr. Stein Helloween
10%
T Hi Freaks, Pure Vernunft darf niemals siegen, Im Zweifel für den Zweifel Tocotronic
9%
O Gute Menschen, Es ist wieder Februar, Verschwende mich OK Kid
7%
W Ich mach was mit Medien, Der kleine Vampir, Dreh auf! We Butter the Bread with Butter
6%
U Man And Machine, I Give As Good As I Get, Go Back To Hell U.D.O.
5%
Q Head Shoulder Knees & Toes, Comfort Zone, Candy Shop Quarterhead
3%
C Vitamin C, She Brings The Rain, I'm So Green Can
2%
E Youme & Meyou, The Garden, Ten Grand Goldie Einstürzende Neubauten
2%
X Incubus Succubus II, Mondlicht, Qual Xmal Deutschland
1%
Y Fiesta de la noche (The Sailor Dance), Sing Hallelujah, Kalinka Yamboo
1%
Keine übereinstimmenden Quizze gefunden
Verteilung der Resultate
Anzahl Personen mit jedem Resultat
Perzentil nach korrekt beantworteten Fragen
Ihre Resultats-Entwicklung
Sie haben dieses Quiz noch nicht gespielt